000 00824nam a2200229Ia 4500
003 GCL
008 140319s9999 xx 000 0 ara d
040 _aGCL /
_cGCL
082 0 4 _aق
_b709.1
_bا ف
100 1 _aاحمد محمد عيسى
245 1 0 _aالفنون الاسلامية: اعمال الندوةالعالميةالمنعقدة فى استانبول 1983م /
_cاحمد محمد عيسى
700 1 _aتحسين عمر طه أوغلى
260 _a[S.N] :
_bمركز الابحاث للتاريخ والفنون والثقافة ،
_c1989
300 _a289 ص
490 _a
650 0 4 _aالتراث الاسلامى
650 0 4 _aالخط العربى
650 0 4 _aالنقوش العربية
650 0 4 _aالتذوق الفنى
650 0 4 _aالفن الاسلامى
942 _2ddc
_cBK
999 _c28237
_d28237